000 00879nam a22002657a 4500
001 4130
003 FISKH
005 20240607161102.0
008 240607b cb ||||| |||| 00| 0 eng d
020 _a9780545237451
040 _aFISKH
_beng
_cFISKH
_dFISKH
050 _aQ164.M265
082 _a507.8
100 _aMargles Samantha
245 _aMythbusters science fair book /
_cSamantha Margles
260 _aNew York :
_bScholastic,
_c2011
300 _a128 pages :
_bcolor illustrations ;
_c24 cm
505 _aU
520 _aContains instructions for science fair projects based on experiments conducted on the "MythBusters" television series in attempts to discover the truth behind popular myths and legends.
521 8 _a1000
_bLexile
521 8 _aU
_bRaz-Plus
700 _aSamantha Margles
942 _2ddc
_cBK
_n0
999 _c4130
_d4130